[Event "Russian Championship (Rapid, Men)"]
[Site "Sochi"]
[Date "2018.10.06"]
[Round "10.10"]
[White "Sjugirov, Sanan"]
[Black "Maletin, Pavel"]
[Result "1-0"]
[BlackElo "2570"]
[WhiteElo "2735"]
[LiveChessVersion "1.4.8"]

1. e4 {[%clk 0:15:17]} e5 {[%clk 0:15:18]} 2. Nf3 {[%clk 0:15:26]} Nc6
{[%clk 0:15:27]} 3. Bb5 {[%clk 0:15:34]} g6 {[%clk 0:15:33]} 4. d4
{[%clk 0:15:16]} exd4 {[%clk 0:15:37]} 5. c3 {[%clk 0:15:18]} dxc3
{[%clk 0:13:22]} 6. Nxc3 {[%clk 0:15:20]} h6 {[%clk 0:13:19]} 7. Bf4
{[%clk 0:14:16]} Bg7 {[%clk 0:13:11]} 8. e5 {[%clk 0:11:30]} Nge7
{[%clk 0:12:11]} 9. Qd2 {[%clk 0:11:33]} d5 {[%clk 0:11:33]} 10. exd6
{[%clk 0:11:31]} cxd6 {[%clk 0:11:41]} 11. O-O {[%clk 0:08:42]} Bg4
{[%clk 0:09:57]} 12. Bxc6+ {[%clk 0:05:45]} bxc6 {[%clk 0:09:42]} 13. Rfe1
{[%clk 0:04:50]} O-O {[%clk 0:07:28]} 14. Bxd6 {[%clk 0:04:58]} Bxf3
{[%clk 0:06:45]} 15. Rxe7 {[%clk 0:05:06]} Bd5 {[%clk 0:06:06]} 16. Bc5
{[%clk 0:04:49]} Be6 {[%clk 0:05:40]} 17. Qe3 {[%clk 0:04:40]} Re8
{[%clk 0:05:39]} 18. Rxe8+ {[%clk 0:03:39]} Qxe8 {[%clk 0:05:48]} 19. Bd4
{[%clk 0:03:47]} Bf5 {[%clk 0:04:25]} 20. Qxe8+ {[%clk 0:03:53]} Rxe8
{[%clk 0:04:34]} 21. Bxg7 {[%clk 0:04:02]} Kxg7 {[%clk 0:04:42]} 22. Rd1
{[%clk 0:04:00]} Bc2 {[%clk 0:04:40]} 23. Rc1 {[%clk 0:04:05]} Bd3
{[%clk 0:04:49]} 24. b3 {[%clk 0:03:48]} c5 {[%clk 0:04:52]} 25. f3
{[%clk 0:02:55]} c4 {[%clk 0:04:48]} 26. b4 {[%clk 0:03:04]} Kf6 {[%clk 0:02:36]}
27. Kf2 {[%clk 0:03:05]} Rd8 {[%clk 0:01:54]} 28. Re1 {[%clk 0:02:38]} Bf5
{[%clk 0:01:48]} 29. g4 {[%clk 0:01:39]} Bc2 {[%clk 0:01:20]} 30. a4
{[%clk 0:01:15]} a6 {[%clk 0:01:08]} 31. f4 {[%clk 0:00:24]} g5 {[%clk 0:00:58]}
32. f5 {[%clk 0:00:17]} h5 {[%clk 0:00:57]} 33. h3 {[%clk 0:00:25]} hxg4
{[%clk 0:00:51]} 34. hxg4 {[%clk 0:00:34]} Rd4 {[%clk 0:00:45]} 35. b5
{[%clk 0:00:34]} axb5 {[%clk 0:00:35]} 36. axb5 {[%clk 0:00:44]} Rxg4
{[%clk 0:00:19]} 37. Nd5+ {[%clk 0:00:49]} Kg7 {[%clk 0:00:25]} 38. b6
{[%clk 0:00:47]} Rh4 {[%clk 0:00:16]} 39. Re8 {[%clk 0:00:56]} Ba4
{[%clk 0:00:15]} 40. f6+ {[%clk 0:00:55]} Kh7 {[%clk 0:00:21]} 41. b7
{[%clk 0:00:49]} Bxe8 {[%clk 0:00:28]} 42. b8=Q {[%clk 0:00:56]} Bc6
{[%clk 0:00:35]} 43. Qf8 {[%clk 0:00:58]} Kg6 {[%clk 0:00:38]} 44. Ne7+
{[%clk 0:01:01]} Kxf6 {[%clk 0:00:45]} 45. Nxc6 {[%clk 0:01:09]} 1-0

[Event "Russian Championship (Rapid, Men)"]
[Site "Sochi"]
[Date "2018.10.06"]
[Round "10.11"]
[White "Chigaev, Maksim"]
[Black "Sychev, Klementy"]
[Result "1-0"]
[BlackElo "2578"]
[WhiteElo "2704"]
[LiveChessVersion "1.4.8"]

1. e4 {[%clk 0:15:16]} c5 {[%clk 0:15:00]} 2. Nf3 {[%clk 0:15:24]} d6
{[%clk 0:15:10]} 3. Nc3 {[%clk 0:15:32]} Nf6 {[%clk 0:15:18]} 4. e5
{[%clk 0:15:40]} dxe5 {[%clk 0:15:26]} 5. Nxe5 {[%clk 0:15:48]} a6
{[%clk 0:15:35]} 6. g3 {[%clk 0:15:56]} Qd6 {[%clk 0:15:44]} 7. Nf3
{[%clk 0:16:01]} b5 {[%clk 0:14:44]} 8. Bg2 {[%clk 0:16:08]} Bb7 {[%clk 0:14:54]}
9. O-O {[%clk 0:16:14]} e6 {[%clk 0:15:02]} 10. d3 {[%clk 0:16:17]} Be7
{[%clk 0:15:07]} 11. a4 {[%clk 0:16:25]} b4 {[%clk 0:15:06]} 12. Nb1
{[%clk 0:16:32]} O-O {[%clk 0:14:36]} 13. Nbd2 {[%clk 0:16:39]} Nc6
{[%clk 0:12:49]} 14. Nc4 {[%clk 0:16:47]} Qd8 {[%clk 0:12:58]} 15. Nfd2
{[%clk 0:16:11]} Nd5 {[%clk 0:11:43]} 16. Nb3 {[%clk 0:16:14]} Rc8
{[%clk 0:11:47]} 17. Re1 {[%clk 0:15:04]} Re8 {[%clk 0:08:34]} 18. Qg4
{[%clk 0:14:43]} Nf6 {[%clk 0:08:19]} 19. Qe2 {[%clk 0:14:31]} Nd5
{[%clk 0:07:24]} 20. Qg4 {[%clk 0:14:34]} Nf6 {[%clk 0:07:31]} 21. Qh3
{[%clk 0:14:36]} Ba8 {[%clk 0:07:28]} 22. Be3 {[%clk 0:14:22]} Nd7
{[%clk 0:06:16]} 23. Bf4 {[%clk 0:13:49]} Nf6 {[%clk 0:05:56]} 24. a5
{[%clk 0:12:55]} Nd4 {[%clk 0:05:09]} 25. Nxd4 {[%clk 0:12:55]} Bxg2
{[%clk 0:04:46]} 26. Qxg2 {[%clk 0:13:00]} cxd4 {[%clk 0:04:41]} 27. Be5
{[%clk 0:10:33]} Rc5 {[%clk 0:04:30]} 28. Qb7 {[%clk 0:10:13]} Qd5
{[%clk 0:01:35]} 29. Qxd5 {[%clk 0:09:46]} Rxd5 {[%clk 0:01:42]} 30. Nb6
{[%clk 0:08:17]} Rc5 {[%clk 0:01:50]} 31. Bxd4 {[%clk 0:08:25]} Rxc2
{[%clk 0:01:53]} 32. Rac1 {[%clk 0:08:34]} Rd2 {[%clk 0:01:13]} 33. Re3
{[%clk 0:08:09]} b3 {[%clk 0:00:49]} 34. Bc3 {[%clk 0:05:01]} Rc2
{[%clk 0:00:51]} 35. Rxc2 {[%clk 0:05:04]} bxc2 {[%clk 0:00:59]} 36. Re1
{[%clk 0:05:13]} Rd8 {[%clk 0:00:27]} 37. Rc1 {[%clk 0:05:15]} Rxd3
{[%clk 0:00:35]} 38. Rxc2 {[%clk 0:05:24]} Ne4 {[%clk 0:00:39]} 39. Be1
{[%clk 0:05:07]} g5 {[%clk 0:00:42]} 40. Kf1 {[%clk 0:04:46]} Rb3
{[%clk 0:00:42]} 41. Nd7 {[%clk 0:04:02]} Rb7 {[%clk 0:00:14]} 42. Nb6
{[%clk 0:04:01]} Bc5 {[%clk 0:00:12]} 43. f3 {[%clk 0:03:40]} Bxb6
{[%clk 0:00:21]} 44. axb6 {[%clk 0:03:48]} Nf6 {[%clk 0:00:29]} 45. Ba5
{[%clk 0:03:08]} Nd5 {[%clk 0:00:38]} 46. Rc7 {[%clk 0:03:08]} Rb8
{[%clk 0:00:41]} 47. Rc6 {[%clk 0:03:15]} Kf8 {[%clk 0:00:43]} 48. Bd2
{[%clk 0:01:38]} Nxb6 {[%clk 0:00:21]} 49. Bxg5 {[%clk 0:01:41]} Nd5
{[%clk 0:00:30]} 50. Bc1 {[%clk 0:01:32]} Nb4 {[%clk 0:00:26]} 51. Rd6
{[%clk 0:01:18]} Rc8 {[%clk 0:00:15]} 52. Bd2 {[%clk 0:01:02]} Nd5
{[%clk 0:00:24]} 53. Ke2 {[%clk 0:00:27]} Rc2 {[%clk 0:00:23]} 54. Rd8+
{[%clk 0:00:37]} Kg7 {[%clk 0:00:26]} 55. Rb8 {[%clk 0:00:46]} Rc6
{[%clk 0:00:24]} 56. h4 {[%clk 0:00:33]} h6 {[%clk 0:00:13]} 57. h5
{[%clk 0:00:26]} Rc5 {[%clk 0:00:15]} 58. g4 {[%clk 0:00:28]} Rc6
{[%clk 0:00:14]} 59. Rb7 {[%clk 0:00:25]} Rc5 {[%clk 0:00:14]} 60. Kd3
{[%clk 0:00:33]} Rc6 {[%clk 0:00:22]} 61. f4 {[%clk 0:00:29]} Rd6
{[%clk 0:00:31]} 62. Ke2 {[%clk 0:00:37]} Rc6 {[%clk 0:00:40]} 63. g5
{[%clk 0:00:40]} Rc4 {[%clk 0:00:40]} 64. Kf3 {[%clk 0:00:25]} Rd4
{[%clk 0:00:48]} 65. Bc3 {[%clk 0:00:32]} Nxc3 {[%clk 0:00:50]} 66. bxc3
{[%clk 0:00:42]} Rd5 {[%clk 0:00:48]} 67. Kg4 {[%clk 0:00:19]} hxg5
{[%clk 0:00:28]} 68. fxg5 {[%clk 0:00:28]} Rd1 {[%clk 0:00:13]} 69. g6
{[%clk 0:00:26]} Rg1+ {[%clk 0:00:19]} 70. Kf3 {[%clk 0:00:17]} Kh6
{[%clk 0:00:18]} 71. gxf7 {[%clk 0:00:16]} Rf1+ {[%clk 0:00:21]} 72. Ke4
{[%clk 0:00:17]} Kg7 {[%clk 0:00:17]} 73. c4 {[%clk 0:00:22]} Rf5
{[%clk 0:00:21]} 74. c5 {[%clk 0:00:18]} Rxh5 {[%clk 0:00:21]} 75. c6
{[%clk 0:00:28]} Rh8 {[%clk 0:00:12]} 76. f8=Q+ {[%clk 0:00:31]} 1-0

[Event "Russian Championship (Rapid, Men)"]
[Site "Sochi"]
[Date "2018.10.06"]
[Round "10.12"]
[White "Moiseenko, Vadim"]
[Black "Rakhmanov, Aleksandr"]
[Result "1-0"]
[BlackElo "2688"]
[WhiteElo "2577"]
[LiveChessVersion "1.4.8"]

1. g3 {[%clk 0:15:02]} d5 {[%clk 0:15:11]} 2. Bg2 {[%clk 0:15:11]} g6
{[%clk 0:15:19]} 3. Nf3 {[%clk 0:14:57]} Bg7 {[%clk 0:15:27]} 4. d4
{[%clk 0:15:01]} Nf6 {[%clk 0:15:21]} 5. O-O {[%clk 0:15:09]} O-O
{[%clk 0:15:29]} 6. Nbd2 {[%clk 0:15:06]} c6 {[%clk 0:15:31]} 7. c3
{[%clk 0:14:52]} Bf5 {[%clk 0:15:36]} 8. Re1 {[%clk 0:14:53]} Qc8
{[%clk 0:15:22]} 9. Nh4 {[%clk 0:14:51]} Bh3 {[%clk 0:15:29]} 10. Bh1
{[%clk 0:14:55]} Nbd7 {[%clk 0:15:18]} 11. f4 {[%clk 0:12:49]} c5
{[%clk 0:14:59]} 12. e3 {[%clk 0:12:55]} e6 {[%clk 0:15:03]} 13. Bf3
{[%clk 0:12:57]} h5 {[%clk 0:15:05]} 14. b3 {[%clk 0:12:43]} cxd4
{[%clk 0:14:59]} 15. cxd4 {[%clk 0:12:51]} Qc3 {[%clk 0:15:05]} 16. Ba3
{[%clk 0:12:50]} Rfc8 {[%clk 0:15:13]} 17. Rc1 {[%clk 0:12:05]} Qa5
{[%clk 0:13:15]} 18. Nb1 {[%clk 0:12:10]} Qd8 {[%clk 0:10:51]} 19. Nc3
{[%clk 0:11:52]} Rc6 {[%clk 0:10:34]} 20. Na4 {[%clk 0:10:37]} Rac8
{[%clk 0:10:35]} 21. Qd2 {[%clk 0:10:32]} Ne4 {[%clk 0:10:22]} 22. Bxe4
{[%clk 0:10:38]} dxe4 {[%clk 0:10:30]} 23. Rxc6 {[%clk 0:09:25]} Rxc6
{[%clk 0:10:25]} 24. Rc1 {[%clk 0:09:34]} Qc8 {[%clk 0:04:54]} 25. Ng2
{[%clk 0:08:22]} Nf6 {[%clk 0:04:52]} 26. Ne1 {[%clk 0:07:56]} Nd5
{[%clk 0:04:47]} 27. Nc5 {[%clk 0:06:32]} f5 {[%clk 0:03:57]} 28. Kf2
{[%clk 0:06:18]} b6 {[%clk 0:03:54]} 29. Na4 {[%clk 0:06:27]} Rxc1
{[%clk 0:02:40]} 30. Qxc1 {[%clk 0:06:26]} Qa6 {[%clk 0:02:15]} 31. Nc2
{[%clk 0:06:01]} Bg4 {[%clk 0:02:02]} 32. Qd2 {[%clk 0:05:13]} Qd3
{[%clk 0:02:10]} 33. Bc1 {[%clk 0:05:21]} Qb5 {[%clk 0:00:33]} 34. Nb2
{[%clk 0:04:49]} Bf8 {[%clk 0:00:37]} 35. Nc4 {[%clk 0:04:54]} h4
{[%clk 0:00:24]} 36. Ba3 {[%clk 0:03:33]} Bh6 {[%clk 0:00:25]} 37. Bd6
{[%clk 0:02:32]} Bh5 {[%clk 0:00:22]} 38. gxh4 {[%clk 0:01:40]} a5
{[%clk 0:00:20]} 39. h3 {[%clk 0:01:39]} Qd7 {[%clk 0:00:29]} 40. a4
{[%clk 0:01:29]} Qd8 {[%clk 0:00:37]} 41. Kg3 {[%clk 0:01:33]} Bg7
{[%clk 0:00:46]} 42. b4 {[%clk 0:01:34]} axb4 {[%clk 0:00:50]} 43. Nxb4
{[%clk 0:01:43]} Bf6 {[%clk 0:00:57]} 44. Kh2 {[%clk 0:01:23]} Bxh4
{[%clk 0:01:04]} 45. Be5 {[%clk 0:01:18]} Qd7 {[%clk 0:01:00]} 46. Nxd5
{[%clk 0:01:22]} exd5 {[%clk 0:00:58]} 47. Nxb6 {[%clk 0:01:29]} Qc6
{[%clk 0:01:07]} 48. Qb2 {[%clk 0:01:18]} Be1 {[%clk 0:00:22]} 49. Qb3
{[%clk 0:01:27]} g5 {[%clk 0:00:18]} 50. Qxd5+ {[%clk 0:01:23]} Qxd5
{[%clk 0:00:26]} 51. Nxd5 {[%clk 0:01:32]} Bd1 {[%clk 0:00:33]} 52. fxg5
{[%clk 0:01:35]} Bxa4 {[%clk 0:00:34]} 53. Ne7+ {[%clk 0:01:17]} Kf7
{[%clk 0:00:42]} 54. Nxf5 {[%clk 0:01:26]} Kg6 {[%clk 0:00:51]} 55. Nd6
{[%clk 0:01:29]} Bc6 {[%clk 0:00:36]} 56. Bf4 {[%clk 0:01:36]} Bh4
{[%clk 0:00:36]} 57. Nc4 {[%clk 0:01:44]} Kf5 {[%clk 0:00:40]} 58. Ne5
{[%clk 0:01:30]} Be8 {[%clk 0:00:44]} 59. Kg2 {[%clk 0:01:18]} Bh5
{[%clk 0:00:51]} 60. Ng4 {[%clk 0:00:48]} Ke6 {[%clk 0:01:00]} 61. Kf1
{[%clk 0:00:43]} Be8 {[%clk 0:01:04]} 62. d5+ {[%clk 0:00:36]} Kf5
{[%clk 0:01:02]} 63. Ke2 {[%clk 0:00:34]} Bb5+ {[%clk 0:01:02]} 64. Kd2
{[%clk 0:00:43]} Bf1 {[%clk 0:01:08]} 65. d6 {[%clk 0:00:45]} Ke6
{[%clk 0:00:52]} 66. Nf6 {[%clk 0:00:49]} Bxh3 {[%clk 0:00:54]} 67. Nxe4
{[%clk 0:00:56]} Bf5 {[%clk 0:00:45]} 68. Nc5+ {[%clk 0:00:58]} Kf7
{[%clk 0:00:52]} 69. e4 {[%clk 0:00:40]} Bh3 {[%clk 0:01:00]} 70. Ke2
{[%clk 0:00:42]} Bg4+ {[%clk 0:01:07]} 71. Ke3 {[%clk 0:00:49]} Be1
{[%clk 0:01:10]} 72. Nd3 {[%clk 0:00:56]} Bc3 {[%clk 0:01:11]} 73. Ne5+
{[%clk 0:01:04]} Bxe5 {[%clk 0:01:20]} 74. Bxe5 {[%clk 0:01:13]} Bh5
{[%clk 0:01:05]} 75. Bf6 {[%clk 0:00:32]} Ke6 {[%clk 0:01:14]} 76. Be7
{[%clk 0:00:40]} Be8 {[%clk 0:01:08]} 77. Kd4 {[%clk 0:00:46]} Bg6
{[%clk 0:01:04]} 78. e5 {[%clk 0:00:52]} Kd7 {[%clk 0:00:51]} 79. Kc5
{[%clk 0:00:59]} Bf5 {[%clk 0:00:26]} 80. Bf6 {[%clk 0:00:52]} Kc8
{[%clk 0:00:15]} 81. Kc6 {[%clk 0:00:23]} Be4+ {[%clk 0:00:23]} 82. Kb6
{[%clk 0:00:31]} Bf5 {[%clk 0:00:28]} 83. g6 {[%clk 0:00:22]} Kd7
{[%clk 0:00:25]} 84. g7 {[%clk 0:00:24]} Be6 {[%clk 0:00:34]} 85. Kc5
{[%clk 0:00:27]} Ke8 {[%clk 0:00:34]} 86. Kc6 {[%clk 0:00:34]} 1-0

[Event "Russian Championship (Rapid, Men)"]
[Site "Sochi"]
[Date "2018.10.06"]
[Round "10.14"]
[White "Potapov, Pavel"]
[Black "Lysyj, Igor"]
[Result "1-0"]
[BlackElo "2644"]
[WhiteElo "2509"]
[LiveChessVersion "1.4.8"]

1. Nf3 {[%clk 0:15:18]} d5 {[%clk 0:15:18]} 2. g3 {[%clk 0:15:26]} Nf6
{[%clk 0:15:23]} 3. Bg2 {[%clk 0:15:34]} e6 {[%clk 0:15:32]} 4. O-O
{[%clk 0:15:41]} Be7 {[%clk 0:15:40]} 5. d3 {[%clk 0:15:49]} O-O {[%clk 0:15:47]}
6. Nbd2 {[%clk 0:15:57]} c5 {[%clk 0:15:55]} 7. e4 {[%clk 0:16:05]} Nc6
{[%clk 0:16:04]} 8. e5 {[%clk 0:15:54]} Nd7 {[%clk 0:16:11]} 9. Re1
{[%clk 0:16:00]} Qc7 {[%clk 0:16:19]} 10. Qe2 {[%clk 0:16:02]} b5
{[%clk 0:16:27]} 11. h4 {[%clk 0:16:03]} Bb7 {[%clk 0:16:29]} 12. Nf1
{[%clk 0:16:00]} Rfc8 {[%clk 0:16:34]} 13. Bf4 {[%clk 0:15:52]} a5
{[%clk 0:16:10]} 14. N1h2 {[%clk 0:15:59]} a4 {[%clk 0:15:42]} 15. a3
{[%clk 0:15:54]} b4 {[%clk 0:15:31]} 16. h5 {[%clk 0:15:59]} h6 {[%clk 0:15:40]}
17. Ng4 {[%clk 0:16:02]} Bf8 {[%clk 0:15:49]} 18. Qd2 {[%clk 0:14:33]} Qd8
{[%clk 0:15:53]} 19. Bxh6 {[%clk 0:08:50]} gxh6 {[%clk 0:15:58]} 20. Nxh6+
{[%clk 0:08:59]} Bxh6 {[%clk 0:15:56]} 21. Qxh6 {[%clk 0:09:07]} Qf8
{[%clk 0:15:55]} 22. Qg5+ {[%clk 0:08:55]} Kh8 {[%clk 0:12:19]} 23. Qf4
{[%clk 0:08:25]} Qg8 {[%clk 0:11:42]} 24. g4 {[%clk 0:06:59]} bxa3
{[%clk 0:10:53]} 25. bxa3 {[%clk 0:07:04]} Ne7 {[%clk 0:08:31]} 26. Ng5
{[%clk 0:03:54]} Rf8 {[%clk 0:08:37]} 27. Qd2 {[%clk 0:03:54]} Qg7
{[%clk 0:06:07]} 28. f4 {[%clk 0:03:57]} Rg8 {[%clk 0:05:37]} 29. c3
{[%clk 0:03:46]} Bc6 {[%clk 0:04:56]} 30. d4 {[%clk 0:03:53]} Rab8
{[%clk 0:03:56]} 31. Qc2 {[%clk 0:03:56]} Rb3 {[%clk 0:03:06]} 32. Bf1
{[%clk 0:03:01]} Rgb8 {[%clk 0:03:05]} 33. h6 {[%clk 0:02:29]} Qg8
{[%clk 0:03:13]} 34. Bd3 {[%clk 0:02:30]} Rb2 {[%clk 0:02:24]} 35. Qc1
{[%clk 0:02:36]} Ng6 {[%clk 0:02:14]} 36. Qe3 {[%clk 0:02:05]} Nh4
{[%clk 0:00:30]} 37. Qh3 {[%clk 0:02:05]} Ng2 {[%clk 0:00:38]} 38. Qh5
{[%clk 0:01:29]} Rf8 {[%clk 0:00:46]} 39. Rf1 {[%clk 0:01:35]} f5
{[%clk 0:00:40]} 40. h7 {[%clk 0:01:27]} Qg7 {[%clk 0:00:47]} 41. Nxe6
{[%clk 0:01:33]} Qe7 {[%clk 0:00:56]} 42. Nxf8 {[%clk 0:01:36]} Nxf8
{[%clk 0:01:04]} 43. Bxf5 {[%clk 0:01:16]} Nh4 {[%clk 0:00:27]} 44. Rf2
{[%clk 0:01:01]} Rb3 {[%clk 0:00:34]} 45. Bc2 {[%clk 0:00:24]} Rxc3
{[%clk 0:00:38]} 46. g5 {[%clk 0:00:26]} Nf3+ {[%clk 0:00:18]} 47. Rxf3
{[%clk 0:00:34]} Rxc2 {[%clk 0:00:28]} 48. f5 {[%clk 0:00:19]} Qxh7
{[%clk 0:00:22]} 49. Qxh7+ {[%clk 0:00:22]} Nxh7 {[%clk 0:00:31]} 50. Rh3
{[%clk 0:00:24]} Kg8 {[%clk 0:00:39]} 51. Rb1 {[%clk 0:00:19]} 1-0

[Event "Russian Championship (Rapid, Men)"]
[Site "Sochi"]
[Date "2018.10.06"]
[Round "10.15"]
[White "Khanin, Semen"]
[Black "Antipov, Mikhail Al."]
[Result "1-0"]
[BlackElo "2642"]
[WhiteElo "2523"]
[LiveChessVersion "1.4.8"]

1. e4 {[%clk 0:15:18]} e6 {[%clk 0:15:20]} 2. d4 {[%clk 0:15:27]} d5
{[%clk 0:15:29]} 3. Nc3 {[%clk 0:15:35]} Bb4 {[%clk 0:15:37]} 4. e5
{[%clk 0:15:44]} b6 {[%clk 0:15:47]} 5. Qg4 {[%clk 0:15:19]} Bf8 {[%clk 0:15:55]}
6. h4 {[%clk 0:15:02]} Ba6 {[%clk 0:15:19]} 7. Bxa6 {[%clk 0:15:08]} Nxa6
{[%clk 0:15:28]} 8. Bg5 {[%clk 0:14:53]} Qd7 {[%clk 0:15:30]} 9. Qe2
{[%clk 0:15:01]} Nb8 {[%clk 0:15:23]} 10. h5 {[%clk 0:15:04]} h6 {[%clk 0:15:29]}
11. Be3 {[%clk 0:15:12]} c5 {[%clk 0:15:18]} 12. f4 {[%clk 0:15:03]} cxd4
{[%clk 0:15:21]} 13. Bxd4 {[%clk 0:15:11]} Nc6 {[%clk 0:15:29]} 14. Nf3
{[%clk 0:15:09]} Nxd4 {[%clk 0:15:34]} 15. Nxd4 {[%clk 0:15:17]} Ne7
{[%clk 0:15:43]} 16. O-O-O {[%clk 0:15:21]} Nc6 {[%clk 0:15:43]} 17. f5
{[%clk 0:15:06]} Nxd4 {[%clk 0:15:43]} 18. Rxd4 {[%clk 0:15:14]} O-O-O
{[%clk 0:15:23]} 19. Rf1 {[%clk 0:14:47]} Be7 {[%clk 0:15:22]} 20. Kb1
{[%clk 0:14:06]} Kb8 {[%clk 0:13:55]} 21. fxe6 {[%clk 0:13:50]} fxe6
{[%clk 0:14:04]} 22. Rf7 {[%clk 0:13:52]} Rhg8 {[%clk 0:12:52]} 23. Rg4
{[%clk 0:13:54]} Rdf8 {[%clk 0:11:48]} 24. Rfxg7 {[%clk 0:13:47]} Qe8
{[%clk 0:10:13]} 25. a3 {[%clk 0:13:52]} Bg5 {[%clk 0:10:02]} 26. Rxg8
{[%clk 0:11:47]} Rxg8 {[%clk 0:10:11]} 27. Ra4 {[%clk 0:11:31]} Rf8
{[%clk 0:09:32]} 28. Qa6 {[%clk 0:10:45]} Qf7 {[%clk 0:09:19]} 29. Nb5
{[%clk 0:10:24]} Qf1+ {[%clk 0:07:57]} 30. Ka2 {[%clk 0:10:33]} Rf7
{[%clk 0:08:07]} 31. c4 {[%clk 0:10:42]} 1-0

[Event "Russian Championship (Rapid, Men)"]
[Site "Sochi"]
[Date "2018.10.06"]
[Round "10.17"]
[White "Kobalia, Mikhail"]
[Black "Usmanov, Vasily"]
[Result "1-0"]
[BlackElo "2486"]
[WhiteElo "2617"]
[LiveChessVersion "1.4.8"]

1. e4 {[%clk 0:15:19]} e6 {[%clk 0:15:19]} 2. d3 {[%clk 0:15:22]} c5
{[%clk 0:15:23]} 3. Nf3 {[%clk 0:15:26]} Nc6 {[%clk 0:15:32]} 4. g3
{[%clk 0:15:34]} g6 {[%clk 0:15:41]} 5. Bg2 {[%clk 0:14:18]} Bg7 {[%clk 0:15:49]}
6. O-O {[%clk 0:14:26]} Nge7 {[%clk 0:15:56]} 7. Re1 {[%clk 0:14:32]} d6
{[%clk 0:16:04]} 8. c3 {[%clk 0:14:34]} e5 {[%clk 0:15:03]} 9. Na3
{[%clk 0:14:42]} O-O {[%clk 0:15:11]} 10. Nc2 {[%clk 0:14:50]} d5
{[%clk 0:15:05]} 11. b4 {[%clk 0:14:51]} dxe4 {[%clk 0:14:51]} 12. dxe4
{[%clk 0:14:59]} cxb4 {[%clk 0:14:52]} 13. cxb4 {[%clk 0:15:03]} Qxd1
{[%clk 0:14:16]} 14. Rxd1 {[%clk 0:15:12]} Be6 {[%clk 0:14:18]} 15. b5
{[%clk 0:14:59]} Na5 {[%clk 0:14:03]} 16. Ba3 {[%clk 0:15:00]} Rfe8
{[%clk 0:13:29]} 17. Ng5 {[%clk 0:14:26]} Bg4 {[%clk 0:12:50]} 18. f3
{[%clk 0:14:29]} Rac8 {[%clk 0:12:33]} 19. Ne3 {[%clk 0:14:07]} f6
{[%clk 0:10:19]} 20. Nxg4 {[%clk 0:13:43]} fxg5 {[%clk 0:10:28]} 21. Rd7
{[%clk 0:13:49]} h5 {[%clk 0:10:29]} 22. Ne3 {[%clk 0:13:24]} Bf8
{[%clk 0:10:12]} 23. Bb4 {[%clk 0:13:02]} Nf5 {[%clk 0:09:58]} 24. exf5
{[%clk 0:12:28]} Bxb4 {[%clk 0:10:05]} 25. Nd5 {[%clk 0:12:35]} Bc5+
{[%clk 0:10:02]} 26. Kh1 {[%clk 0:12:37]} Red8 {[%clk 0:08:48]} 27. Nf6+
{[%clk 0:12:41]} Kf8 {[%clk 0:08:56]} 28. fxg6 {[%clk 0:11:52]} Rxd7
{[%clk 0:08:25]} 29. Nxd7+ {[%clk 0:12:01]} Kg7 {[%clk 0:08:13]} 30. Rc1
{[%clk 0:11:48]} b6 {[%clk 0:08:22]} 31. Nxe5 {[%clk 0:11:55]} Nb7
{[%clk 0:08:08]} 32. f4 {[%clk 0:11:26]} Nd6 {[%clk 0:08:17]} 33. fxg5
{[%clk 0:11:17]} Nxb5 {[%clk 0:08:21]} 34. Nd3 {[%clk 0:08:24]} Nd4
{[%clk 0:05:32]} 35. Nf4 {[%clk 0:08:24]} Re8 {[%clk 0:05:41]} 36. Rd1
{[%clk 0:07:48]} Re3 {[%clk 0:05:20]} 37. h4 {[%clk 0:07:40]} Ra3
{[%clk 0:02:24]} 38. Be4 {[%clk 0:07:29]} 1-0

[Event "Russian Championship (Rapid, Men)"]
[Site "Sochi"]
[Date "2018.10.06"]
[Round "10.20"]
[White "Kabanov, Nikolai"]
[Black "Alekseenko, Kirill"]
[Result "0-1"]
[BlackElo "2668"]
[WhiteElo "2443"]
[LiveChessVersion "1.4.8"]

1. e4 {[%clk 0:15:17]} c5 {[%clk 0:15:18]} 2. Nf3 {[%clk 0:15:25]} Nc6
{[%clk 0:15:26]} 3. Bb5 {[%clk 0:15:31]} g6 {[%clk 0:15:33]} 4. Bxc6
{[%clk 0:15:28]} dxc6 {[%clk 0:15:37]} 5. d3 {[%clk 0:15:36]} Bg7
{[%clk 0:15:41]} 6. h3 {[%clk 0:15:42]} b6 {[%clk 0:15:24]} 7. Nc3
{[%clk 0:15:47]} Nh6 {[%clk 0:15:32]} 8. Be3 {[%clk 0:15:24]} f6 {[%clk 0:15:40]}
9. Qd2 {[%clk 0:15:30]} Nf7 {[%clk 0:15:48]} 10. Nh2 {[%clk 0:14:49]} e5
{[%clk 0:15:44]} 11. f4 {[%clk 0:14:44]} exf4 {[%clk 0:15:50]} 12. Bxf4
{[%clk 0:14:52]} O-O {[%clk 0:15:57]} 13. Nf3 {[%clk 0:14:03]} f5
{[%clk 0:15:36]} 14. exf5 {[%clk 0:12:59]} Qe7+ {[%clk 0:12:42]} 15. Ne2
{[%clk 0:11:45]} Bxf5 {[%clk 0:12:49]} 16. O-O-O {[%clk 0:11:49]} Rad8
{[%clk 0:12:30]} 17. Rde1 {[%clk 0:09:57]} Qf6 {[%clk 0:11:49]} 18. Nc3
{[%clk 0:10:04]} c4 {[%clk 0:11:52]} 19. d4 {[%clk 0:10:04]} c5 {[%clk 0:11:45]}
20. d5 {[%clk 0:09:33]} b5 {[%clk 0:11:54]} 21. Ne5 {[%clk 0:09:04]} b4
{[%clk 0:11:01]} 22. Nb1 {[%clk 0:05:43]} Rfe8 {[%clk 0:10:40]} 23. Nxc4
{[%clk 0:05:34]} Re4 {[%clk 0:10:17]} 24. Rxe4 {[%clk 0:05:08]} Bxe4
{[%clk 0:10:26]} 25. d6 {[%clk 0:04:47]} Bxg2 {[%clk 0:09:58]} 26. Qxg2
{[%clk 0:03:26]} Qxf4+ {[%clk 0:10:04]} 27. Nbd2 {[%clk 0:03:35]} Nxd6
{[%clk 0:09:53]} 28. Qd5+ {[%clk 0:03:36]} Qf7 {[%clk 0:08:43]} 29. Qxc5
{[%clk 0:02:42]} Nxc4 {[%clk 0:08:51]} 30. Qxc4 {[%clk 0:01:37]} Bh6
{[%clk 0:06:54]} 31. Qxf7+ {[%clk 0:01:45]} Kxf7 {[%clk 0:07:04]} 32. Rf1+
{[%clk 0:01:53]} Ke6 {[%clk 0:06:53]} 33. Rf2 {[%clk 0:02:02]} Bg5
{[%clk 0:06:25]} 34. Kd1 {[%clk 0:01:59]} h5 {[%clk 0:04:59]} 35. a3
{[%clk 0:01:23]} bxa3 {[%clk 0:04:52]} 36. bxa3 {[%clk 0:01:32]} Ke5
{[%clk 0:04:46]} 37. Rg2 {[%clk 0:01:11]} Kf4 {[%clk 0:03:30]} 38. Ke1
{[%clk 0:01:06]} Bh4+ {[%clk 0:03:16]} 39. Kf1 {[%clk 0:01:13]} Re8
{[%clk 0:01:44]} 40. Re2 {[%clk 0:01:18]} Rxe2 {[%clk 0:01:44]} 41. Kxe2
{[%clk 0:01:27]} Kg3 {[%clk 0:01:53]} 42. c4 {[%clk 0:01:34]} Kxh3
{[%clk 0:01:48]} 43. c5 {[%clk 0:01:40]} Bd8 {[%clk 0:01:33]} 44. c6
{[%clk 0:01:05]} g5 {[%clk 0:00:57]} 45. Ne4 {[%clk 0:00:43]} g4 {[%clk 0:01:04]}
46. Ng5+ {[%clk 0:00:51]} Kh2 {[%clk 0:00:29]} 47. Ne6 {[%clk 0:00:41]} Bb6
{[%clk 0:00:37]} 48. Nf4 {[%clk 0:00:14]} h4 {[%clk 0:00:22]} 49. Nd5
{[%clk 0:00:20]} Ba5 {[%clk 0:00:28]} 50. Ne3 {[%clk 0:00:19]} g3
{[%clk 0:00:21]} 51. Kf3 {[%clk 0:00:25]} Bc7 {[%clk 0:00:21]} 52. Ng4+
{[%clk 0:00:11]} Kg1 {[%clk 0:00:24]} 53. Ne3 {[%clk 0:00:18]} h3
{[%clk 0:00:30]} 0-1